| 000 | 00659nam a2200265 a 4500 | ||
|---|---|---|---|
| 001 | nice12345678 | ||
| 003 | IN_TiNIC | ||
| 005 | 20260116014645.0 | ||
| 008 | 080331s2008 lona grp 000 0 eng | ||
| 020 |
_a0195333039 _c545 |
||
| 082 | 0 | 0 |
_a297.0954 _bESP |
| 100 | _aEsposito, John L | ||
| 245 | _aAsian Islam in the 21st Century | ||
| 260 |
_aLondan _bOxford University Press _c2008 |
||
| 300 | _a306p | ||
| 500 | _aincludes index and biblioraphy | ||
| 505 | 2 | _aIndex | |
| 650 | _aIslam-20th Century | ||
| 650 | _aIslam-Asia | ||
| 700 | 1 | _aVoll, John O | |
| 700 | 1 | _aBakar, Osman | |
| 902 | _bSRS | ||
| 942 | _cBK | ||
| 999 |
_c16386 _d16386 |
||